00660nam a2200157 a 450000100100000000500170001000800410002704000250006810000320009324500670012526000650019230000440025704900090030195201750031099900170048500003118420200930062746.0110614s1924 dr 000 0 spa d aDO-SdBNPbspacBNPHU1 aPensón, A. Maireni95765913aEl problema del acueducto de La Romana /cA. Maireni Pensón. aLa Romana, República Dominicana :bImprenta Romana,c1924. a1v. con varias paginaciones 0 ;c22 cm. aBNPD 0010718PDaPDbPDcCTd2011-06-14iLF1l0o p31184-10r2020-06-25w2020-06-25yLFPDzPerteneció a la biblioteca personal de Carlos Larrazábal Blanco.ZNo se presta c30676d30676